000 01390nas a2200277 i 4500
003 DO-SdBNP
005 20260219101455.0
007 ta
008 260219e1983 dr |n|p|r||||||0| |0spa d
040 _aDO-SdBNP
_bspa
_cBNPHU
_erda
041 _aspa
110 _aEl Nacional (República Dominicana)
_918807
245 _aGaleria :
_bsuplemento artístico /
_cEl Nacional.
264 _aSanto Domingo, República Dominica :
_bEl Nacional,
_c1983.
300 _avolumen :
_bilustraciones, fotografías ;
_c35 cm.
310 _aDesconocida.
336 _atexto
_btxt
_2rdacontent
337 _asin mediación
_bn
_2rdamedia
338 _avolumen
_bnc
_2rdacarrier
362 _aAño 1. No. 1, agosto 1983.
500 _aCatalogación basada en el número: Año 1. No. 1, agosto 1983.
500 _aEste suplemento está disponible dentro de algunos meses y años del periódico El Nacional.
520 _aGaleria es la plasmación de una idea positiva con propósitos positivos. No nace Galeria para ofender ni mortificar, sino para informar todo cuanto haya de constructivo en el mundo artístico y cultural. Cuando Galeria tenga que censurar lo hará dentro de los límites de la prudencia, sin traspasar fronteras que no deben ser traspasadas. La ofensa estará siempre ausente de sus páginas.
650 0 _aArte
_vSuplemento
_928401
_zRepública Dominicana
942 _2ddc
_cISSUE
999 _c60373
_d60373